01008nam a22002057a 4500003000900000008004100009020001800050040007100068082001700139100000900156245011000165260002600275300002900301505037600330650001500706650001100721650003000732650001900762650002100781AR-CdUCM190304b ||||| |||| 00| 0 spa d a9972-9720-6-2 aMUNICIPALIDAD PROVINCIAL DEL CUSCOcBIBLIOTECA MUNICIPAL DEL CUSCO a321.8 /bD56 aDFID aDemocracia participativa en los andes : bla experiencia de cuatro municipalidades rurales en el Perú / aLima : bDFID,c2003. a157 páginas ; c24 cm. aContenido: Limatambo: de la exclusión al gobierno. Los logros de una democracia participativa -- Camino al desarrollo. El sistema de planificación y gestión municipal concertado de Santo Domingo -- Tres herramientas para el desarrollo de Haquira: participación, acuerdos y organicidad -- Del olvido a la esperanza. Planificando el desarrollo de Castrovirreyna ... aDemocracia aPerú aParticipación ciudadana aGobierno local aEstudio de casos